Maures Subis - Mort Subite - Statistiques

Statistiques générales
  • Ce quiz a été pris 8 fois
  • Le résultat moyen est 6 sur 8
Answers on the Grid
Answers color-coded by a green-red scale on the quiz's grid according to % correct below.
Guadalete, 711
Toulouse, 721
Covadonga, 722
Poitiers, 732
Avignon, 737
la Berre, 737
Ecija, 711
Cordoue, 711
Mérida, 713
Orihuela, 713
Séville, 712
Alameda, 756
Sagrajas, 1086
Las Navas de Tolosa, 1212
Tolède, 1085
 
Statistiques - réponses
Réponse % Correct
Séville, 712
100%
Ecija, 711
88%
Alameda, 756
75%
Cordoue, 711
75%
Guadalete, 711
75%
Mérida, 713
75%
Orihuela, 713
75%
Sagrajas, 1086
25%
Aucun quiz correspondant
Distribution des résultats
% des personnes avec chaque résultat
Percentile par nombre de réponses
Votre historique - résultats
Vous n’avez pas pris ce quiz